Quiz sur Tarbes - Statistiques

Statistiques générales
  • Ce quiz a été pris 70 fois
  • Le résultat moyen est 9 sur 15
Statistiques - réponses
Question Réponse % Correct
Autre ville importante du département, nullement sous-préfecture, mais culturellement importante, reliée à Tarbes par plusieurs réseaux (transports, agglomération) Lourdes
94%
Nom de la place centrale de la ville, faisant référence à une autre ville française Place Verdun
90%
Département dont la ville est le chef-lieu Hautes-Pyrénées (65)
88%
Jardin central de plus de 11,5 hectares, portant le nom d'un pharmacien/botaniste Jardin Massey
88%
Référence précédente à un militaire tarbais, dont la statue et le nom résonnent encore dans plusieurs rues de la ville Maréchal Foch
77%
Légumineuses, spécialités de la ville Haricots
71%
Citer une des deux autres fameuses places du centre-ville Marcadieu / Brauhauban
63%
Nom commun du centre équestre réputé Haras
58%
Nom du club de rugby de la ville, évoluant en pro D2 Stado TPR
58%
Territoire culturel dont la ville serait capitale Bigorre
54%
Groupe de chanson française originaire de la ville Boulevard des Airs
48%
Chanteuse de variété française, ayant vécu à Tarbes entre 1941 et 1943 Barbara
17%
Autre militaire qui, en 1870, créa l'atelier d'artillerie de l'Arsenal au nord de la ville; un régiment et un lycée portent encore son nom dans la ville Jean-Baptiste Verchère de Reffye
17%
Auteur brésilien de "L'Alchimiste" qui vivait dans l'agglomération durant plusieurs années Paulo Coelho
17%
Victor Perez est un des meilleurs joueurs mondiaux de ce sport Golf
13%
Aucun quiz correspondant
Distribution des résultats
% des personnes avec chaque résultat
Percentile par nombre de réponses
Votre historique - résultats
Vous n’avez pas pris ce quiz